Представление документа в формате RUSMARC

ПолеНазваниеЗначение
  Тип записи a
  Библиографический уровень m
001 Контрольный номер RU/УОНБ/EK/607108019
005 Дата корректировки 20250520121947.5
010 Индекс ISBN __
a ISBN 978-5-17-092070-9
d Цена 97 р. 24 к.
9 Тираж 4000 экз.
b Уточнения в пер.
100 Данные общей обработки __
a Данные общей обработки 20150924d2015 m y0rusy0189||||ca
101 Язык документа 0_
a Язык текста rus
102 Страна публикации __
a Страна публикации RU
105 Кодированные данные (монография) __
a Кодированные данные (монография) a z 010zb
200 Заглавие и сведения об ответственности 1_
a Заглавие Захар
e Сведения, относящиеся к заглавию [к 40-летию Захара Прилепина]
f Первые сведения об ответственности А. Колобродов
210 Выходные данные 1_
a Место издания Москва
c Издательство АСТ
d Дата издания 2015
215 Физическое описание __
a Объем 509, [2] с.
d Формат 21 см
225 Серия 1_
a Серия Захар Прилепин: публицистика
300 Общие примечания __
a Общие примечания 18+
300 Общие примечания __
a Общие примечания Содержит нецензурную брань
320 Библиография __
a Библиография Библиогр.: с. 501-507
320 Библиография __
a Библиография Дискогр. в конце кн.
333 Примечание о целевом назначении __
a Примечание о целевом назначении 18+
600 Персоналии _1
3 Контрольный № нормативной записи RU\NLR\AUTH\6601581434
a Персоналии (Фамилия) Прилепин, Захар Николаевич
f Даты 1975
2 Код системы nlr_sh
606 Тематические рубрики 0_
a Основная рубрика Русская литература
z Хронологическая подрубрика 21 в.
610 Ключевые слова 0_
a Ключевые слова русская литература 21 в.
610 Ключевые слова 0_
a Ключевые слова Прилепин, З.Н.
686 Индексы других классификаций __
a Классификационный индекс 83.3(2=Рус)6-8
2 Код системы rubbk
700 Автор _1
a Фамилия Колобродов
b Имя (инициалы) А.Ю.
g Полное личное имя Алексей Юрьевич
702 Вторичная интеллектуальная ответственность _1
3 Контрольный № нормативной записи RU\NLR\AUTH\7783084
a Фамилия Прилепин
b Имя (инициалы) З.
g Полное личное имя Захар
f Даты 1975-
4 Код отношения 570
801 Источник записи _0
a Страна RU
b Организация РГБ
c Дата составления 20150814
g Правила каталогизации RCR
801 Источник записи _1
a Страна RU
b Организация РГБ
c Дата составления 20150814
2 Код формата rusmarc
801 Источник записи _2
a Страна RU
b Организация Ульяновская ОНБ
c Дата составления 20190328
2 Код формата rusmarc
901 Тип документа __
t Тип документа m
909 Создатель записи __
a Создатель записи Пазекова
b Дата создания записи 20191001
938 Служебная информация __
a Имя БД books
b Имя библиотеки УОНБ
c Имя АИБС МАРК-SQL
d Номер DOC_ID в БД 344507